| 000 | 00730nam a22001697a 4500 | ||
|---|---|---|---|
| 005 | 20120314131139.0 | ||
| 020 |
_a8179920305 _c00.00 |
||
| 035 | _aB-84048 | ||
| 037 |
_aDPL _bENG |
||
| 100 |
_aRubino, Joe _943784 |
||
| 245 |
_aKey to success and happiness : _bA fable about leadership, personal excellence and empowerment / _cby Joe Rubino |
||
| 260 |
_aMumbai _bJaico Publishing House _c2002 |
||
| 300 |
_av, 183p. _c18 cms. |
||
| 942 |
_2ddc _cEN _h158.1 _mRUB |
||
| 999 |
_c64048 _d64048 |
||